02311cam a22003854i 4500003000900000005001700009008004100026035002000067040003300087100005200120245021000172264001000382300003900392336002100431337002500452338002300477502005800500504002400558520113600582526001001718526001001728526000901738526000901747526000901756526000901765526000901774526000901783526000901792526000801801526000801809526000801817526000801825526000801833650008401841PE-LiUPU20250731165407.0151014s2015 pe a grm 000 0 spa d a(Sirsi) a154876 aPE-LiUPUbspacPE-LiUPUerda1 aMartínez Gutiérrez, Irina Angélicaeautor1 aUso del celular y rendimiento académico de los estudiantes de 11 de las instituciones educativas privadas del Municipio de El Carmen de Bolivar, Colombia, 2014 /cIrina Angélica Martínez Gutiérrez. 0c2015. a79 hojas : bilustraciones;c30 cm atext2rdacontent aunmediated2rdamedia avolume2rdacarrier aTesisb(Mg.) -- cUniversidad Peruana Unión,d2015. aIncluye referencias3 aEl estudio pretende determinar el grado de relación que existe entre el uso del celular y el rendimiento académico de los estudiantes de 11° de las instituciones educativas privadas de El Carmen de Bolivar, Colombia. En ese sentido, la investigación comprende el estudio de dos variables: predictora, uso del celular; variable criterio, rendimiento académico. La población estuvo constituida por 84 estudiantes de 11 de las instituciones educativas privadas del Municipio de El Carmen de Bolivar, Colombia, de los cuales se escogió el universo como un todo, cuya muestra es no probabilística, sino fue determinada de manera intencional quedando un total de 84 estudiantes. Los resultados encontrados muestran una relación poca significativa entre el uso del celular y el rendimiento académico. La investigación determinó que entre las dimensiones de la variable predictora (Uso del celular): "Uso como herramienta didáctica", "Uso como herremienta de comunicación" y "Uso como herramienta de entretenimiento", y la variable criterio: rendimiento académico cognitivo existe una relación igual a cero. aSEG44 aSEG26 aP151 aP150 aP149 aP146 aP145 aP126 aP125 aP92 aP75 aP74 aP27 aP1504aEducación básicaxTeléfonos móvilesxRendimiento académicozColombia.